La adhesión de España a la C.E.E. (Record no. 171602)

MARC details
000 -LEADER
campo de control de longitud fija 00852nam a22002295i 4500
001 - NÚMERO DE CONTROL
campo de control 171602
003 - IDENTIFICADOR DE NÚMERO DE CONTROL
campo de control ES-MaACL
005 - FECHA Y HORA DE LA ÚLTIMA TRANSACCIÓN
campo de control 20250808082141.0
008 - DATOS DE LONGITUD FIJA--INFORMACIÓN GENERAL
campo de control de longitud fija 090522s1979 sp |||| | spa d
080 ## - NÚMERO DE LA CLASIFICACIÓN DECIMAL UNIVERSAL
Número de la Clasificación Decimal Universal 349.42(4-67 UE)
100 1# - ENTRADA PRINCIPAL--NOMBRE DE PERSONA
Nombre de persona Solbés Mirá, Pedro.
9 (RLIN) 140279
245 13 - MENCIÓN DEL TÍTULO
Título La adhesión de España a la C.E.E.
Resto del título : Los efectos sobre la protección exterior a la agricultura /
Mención de responsabilidad, etc. Pedro Solbes Mirá.
260 ## - PUBLICACIÓN, DISTRIBUCIÓN, ETC.
Lugar de publicación, distribución, etc. [Madrid] :
Nombre del editor, distribuidor, etc. Moneda y Crédito,
Fecha de publicación, distribución, etc. [1979]
300 ## - DESCRIPCIÓN FÍSICA
Extensión 175 p. ;
Dimensiones 23 cm.
490 1# - MENCIÓN DE SERIE
Mención de serie Monografías de Moneda y Crédito ;
Designación de volumen o secuencia 2
610 2# - PUNTO DE ACCESO ADICIONAL DE MATERIA--NOMBRE DE ENTIDAD CORPORATIVA
Nombre de entidad corporativa o nombre de jurisdicción como elemento de entrada Comunidades Europeas-
Subdivisión general Política agraria.
9 (RLIN) 140280
650 17 - PUNTO DE ACCESO ADICIONAL DE MATERIA--TÉRMINO DE MATERIA
Término de materia o nombre geográfico como elemento de entrada Derecho agrario comunitario
Fuente del encabezamiento o término embne
9 (RLIN) 140281
830 0# - PUNTO DE ACCESO ADICIONAL DE SERIE-TÍTULO UNIFORME
Título uniforme Monografías de Moneda y Crédito ;
Designación de volumen o secuencia 2
9 (RLIN) 187075
852 ## - LOCALIZACIÓN
Ubicación ES-MaACL
Número de control de estantería A-9799
itemnumber R.99147
852 ## - LOCALIZACIÓN
Ubicación ES-MaACL
Número de control de estantería A-9961
itemnumber R.99146
Holdings
Estatus retirado Estado de pérdida Estado de daño No para préstamo Biblioteca de origen Biblioteca actual Ubicación en estantería Fecha de adquisición Fuente de adquisición Total de préstamos Signatura topográfica completa Código de barras Visto por última vez Precio de reemplazo Tipo de ítem Koha
        Biblioteca del Ateneo de Madrid Biblioteca del Ateneo de Madrid Depósito 1 22/05/2009     A-9961 1180087 23/02/2023 23/02/2023 Libro impreso
        Biblioteca del Ateneo de Madrid Biblioteca del Ateneo de Madrid Depósito 1 22/05/2009     A-9799 1180086 23/02/2023 23/02/2023 Libro impreso